| 000 | 00915nam a2200253Ia 4500 | ||
|---|---|---|---|
| 003 | OSt | ||
| 005 | 20221002043811.0 | ||
| 006 | a|||||r|||| 00| 0 | ||
| 007 | ta | ||
| 008 | 220930b |||||||| |||| 00| 0 hin d | ||
| 020 | _a8170227011 | ||
| 024 | _a28674 | ||
| 037 | _cReference Collections | ||
| 040 |
_aCRL _cCRL _bhin |
||
| 041 |
_2hin _ahin |
||
| 082 | _aV2:51wN5, 152N8.1-.11(RR) | ||
| 100 | _aजैन, फूलचन्द | ||
| 245 | 0 | _aस्वतंत्रता सेनानी, संपा0 मस्तराम कपूर | |
| 260 |
_aनई _bदिल्ली कन्सेप्ट पब्लिशिंग भारत भारत _c1988 |
||
| 490 | _vखण्ड 1 | ||
| 650 | _aविश्व-इतिहास | ||
| 942 |
_hV2:51wN5, 152N8.1-.11(RR) _cref _2CC |
||
| 999 |
_c908954 _d908954 |
||